[Event "RUS-ch m3-4"]
[Site "Elista"]
[Date "1997.05.26"]
[Round "3.3"]
[White "Dolmatov, Sergey"]
[Black "Bareev, Evgeny"]
[Result "0-1"]
[WhiteElo "2560"]
[BlackElo "2665"]
[Annotator "Finkel,A"]
[PlyCount "46"]
[EventDate "1997.04.19"]
[EventType "k.o."]
[EventRounds "6"]
[EventCountry "RUS"]
[SourceTitle "CBM 059"]
[Source "ChessBase"]
[SourceDate "1997.08.01"]
[SourceVersion "1"]
[SourceVersionDate "1997.08.01"]
[SourceQuality "1"]

1. e4 {Gershon} e6 2. d4 d5 3. Nc3 Nf6 4. e5 Nfd7 5. f4 c5 6. Nf3 Nc6 7. Ne2 {
This continuation has been used by many grandmasters in the last few of years.
However, white has a very serious problem here: and it's of course a
development disadvantage.Many times white's king stays in the center and a
sacrifice on e5 might just completely crush his position(like in Shirov-
Gurevich for example).Of course, black should play desicively,but if you ask
me that's by far not the best continuation white can choose here.} Qb6 8. c3 f6
{Black is opening the center while all white pieces are still practically on
their places.} (8... Be7 {Gershon} 9. a3 f6 10. b4 cxd4 11. cxd4 (11. Nexd4
$145 Nxd4 12. cxd4 O-O 13. Bd3 fxe5 14. fxe5 Rxf3 15. gxf3 Bh4+ 16. Ke2 Nxe5
17. Bf4 Nxd3 18. Qxd3 Bd7 19. Qe3 $14 {Sax,Gy}) 11... O-O 12. Rb1 a5 $5 13. b5
a4 $5 14. Nc3 $2 Ncxe5 $1 15. fxe5 fxe5 $40 16. Bd3 $1 (16. dxe5 Nxe5 17. Be2
Nxf3+ 18. Bxf3 Bd7 $17) (16. Be3 e4 17. Nd2 Bxa3 $17) 16... exd4 $1 (16... e4
$2 17. Nxe4 dxe4 18. Bxe4 $13 {1-0 Shirov,A-Gurevich,M/Muenchen 1993 (40)}) 17.
Nxd4 Ne5 $1 18. Be2 $1 Bd7 19. Qd2 $17) 9. g3 {That is the only way to get the
bishop out and castle, but it takes way too much time.} cxd4 10. cxd4 $6 {
It's simply incriedible how such strong and experienced player as Dolmatov
makes this kind of mistake in the opening.After move in the game white has to
be very careful not to find himself in trouble.} (10. Nexd4 fxe5 11. fxe5 $1 (
11. Nxe6 Nf6 (11... e4 $5 12. Nh4 $6 Nf6 13. Nxf8 Rxf8 14. f5 $6 (14. Bg2 $6 d4
$1 15. cxd4 Nxd4 $17) 14... Ne5 $6 (14... d4 $1) 15. Be2 Bd7 16. Bf4 Nc4 17.
Bxc4 dxc4 18. Qe2 $14 {Djeno,M-Schubert,S/BLW 1994 (41)}) 12. fxe5 Bxe6 13.
exf6 O-O-O 14. Qe2 Re8 15. Be3 Bc5 16. Bxc5 Qxc5 17. fxg7 Rhg8 $44 {Strobel,
A-Piasecki,C/VLNBaden 1993 (36)}) 11... Nxd4 (11... Ndxe5 $6 12. Nxe5 Nxe5 13.
Qh5+ Ng6 14. Bd3 e5 15. Bxg6+ Qxg6 16. Qxe5+ $16) 12. cxd4 Bb4+ 13. Kf2 O-O 14.
Kg2 Be7 (14... Qc7 $6 15. Ng5 $1 Nb6 16. Bd3 g6 17. h4 Nc4 18. h5 $40 {
Koslowski,W-Zieba,S/cr 1992 (20)}) (14... Nb8 $2 15. Bd3 Be7 16. Qc2 h6 17.
Bxh6 $1 gxh6 18. Raf1 $1 Qd8 19. Bh7+ Kh8 20. Qg6 $18 {Barczay,L-Farago,I/
Magyarorszag 1969 (26)}) 15. Bd3 Rf7 16. h4 Nf8 17. Ng5 Bxg5 18. hxg5 g6 $13 {
Psakhis,L-Dizdar,G/Zagreb (zt) 1993 (25)} (18... g6 {Gershon} 19. Rh4 Bd7 20.
b3 Rc8 21. a4 Rc3 22. Rb1 Qd8 23. Qd2 Qc8 24. Ba3 Bxa4 25. Bxf8 Bb5 26. Bxg6 {
1/2-1/2 Psakhis,L-Dizdar,G/Zagreb (zt) 1993})) 10... fxe5 (10... Bb4+ {Gershon}
11. Nc3 (11. Bd2 fxe5 12. fxe5 O-O 13. Bg2 Ndxe5 14. dxe5 Nxe5 15. Ned4 Nc4 16.
Bc3 e5 17. Nc2 Bxc3+ 18. bxc3 Ne3 19. Nxe3 Qxe3+ 20. Kf1 Bh3 {0-1 Finkel,
A-Holzke,F/Koop Tjuchem (open), Groningen NED 1997}) 11... O-O 12. a3 $5 Be7
13. Bh3 fxe5 $1 14. Bxe6+ Kh8 15. Nxd5 Qd8 16. Bxd7 Bxd7 17. dxe5 Bg4 18. O-O
Bc5+ 19. Be3 Bxe3+ 20. Nxe3 Qb6 21. Qd2 Bxf3 22. Rxf3 Nd4 $13 {1-0 Smagin,
S-Dimitrov,V/Prilep 1992 (53)}) 11. fxe5 Bb4+ 12. Nc3 O-O 13. Bf4 Be7 14. Qd2
$2 {This careless move actualy throws away the game.} (14. Bh3 $2 Qxb2 15. Qc1
(15. Bxe6+ Kh8 16. Rc1 Bb4 17. Bd2 Ndxe5 $19) 15... Qxc1+ 16. Rxc1 Nb6 (16...
Ndb8 17. Nb5 Na6 $17) 17. Nb5 Nd8 $17 {Anand,V-Sisniega,M/Philadelphia 1987 
(33)} (17... Nd8 {Gershon} 18. Nc7 Rb8 19. O-O $2 (19. Ng5 Bxg5 20. Bxg5 Nc6
21. Be3 Nd8 22. Bg5 $10) 19... h6 $17 {0-1 Anand,V-Sisniega,M/Philadelphia
1987 (33)})) (14. Na4 $5 Qa5+ 15. Nc3 Qb6 16. Na4 Qd8 (16... Qa5+ $11) 17. Bd3
Nb6 18. O-O Nxa4 19. Qxa4 Bd7 20. Qc2 $14 {Jaracz,P-Gleizerov,E/Katowice op
1991/0-1 (98)}) (14. a3 $5 {Gershon}) 14... g5 $1 {[%csl Rd4][%cal Gf8f3]
After this simple,but very effective blow black gets a huge advantage. This
move was advised by Sinsega in his annotations to his game against Anand back
in1987 (Inf/44).He put the -/+ sign next to this position and Bareev proves it
to be true very quickly.} 15. Nxg5 Bxg5 16. Bxg5 Nxd4 $17 {As I said earlier:
white pieces are still on their places and the king is completely exposed 
(exept black didn't have to sacrifise anything to crush white's position).} 17.
Bg2 Nxe5 18. O-O-O (18. Kd1 {Gershon} Ndf3 19. Bxf3 Nxf3 20. Be3 d4 $19) 18...
Rf2 $1 $19 {Crushing!Now white is completly lost.} 19. Qxf2 Nb3+ 20. axb3 Qxf2
21. Rd2 Qf5 22. Bh6 Nd3+ 23. Kb1 Nf2+ {Gershon: Surprising that such a
quallified player as Dolmatov is (with so big experiens in this opening) chose
to play such a dubius continuation!} 0-1

[Event "Pulvermuehle 2nd"]
[Site "Pulvermuehle"]
[Date "2004.02.22"]
[Round "4"]
[White "Baramidze, David"]
[Black "Stellwagen, Daniel"]
[Result "1-0"]
[WhiteElo "2456"]
[BlackElo "2489"]
[Annotator "Finkel,A"]
[PlyCount "109"]
[EventDate "2004.02.19"]
[EventType "tourn"]
[EventRounds "11"]
[EventCountry "GER"]
[EventCategory "11"]
[SourceTitle "CBM 100"]
[Source "ChessBase"]
[SourceDate "2004.06.01"]
[SourceVersion "1"]
[SourceVersionDate "2004.06.01"]
[SourceQuality "1"]

1. e4 e6 2. d4 d5 3. Nc3 Nf6 4. e5 Nfd7 5. f4 c5 6. Nce2 Nc6 (6... cxd4) 7. Nf3
Qb6 8. c3 Be7 (8... f6 9. g3 Be7 10. Bh3 O-O 11. Bxe6+ Kh8 12. exf6 (12. f5
cxd4 13. cxd4 fxe5 14. Bg5 Bb4+ 15. Kf1 exd4 16. Nf4 Nde5 $17 {Ottenburg,
R-Voigt,M/Hamburg 1997}) 12... Nxf6 13. Bxc8 Raxc8 14. O-O cxd4 15. cxd4 Ne4
16. Kg2 Nb4 $36 {Dolezal,R-Jurek,J/Klatovy 1995}) 9. a3 (9. g3 O-O 10. Bh3 f6)
9... a5 10. g3 O-O (10... Nf8 11. Bh3 g6 12. O-O a4 13. Kh1 c4 14. g4 h5 15.
Ng3 hxg4 16. Bxg4 Bd7 $132 {Grossett,D-Buckley,S/Bristol 1999}) 11. Bh3 f6 $2 {
It's interesting to mention that this move was tried quite a few times before
this game, but in none of these games black was punished stright in the
opening!} (11... f5 12. g4 cxd4 13. cxd4 Qd8 (13... g6 14. O-O Ndb8 15. Kh1 Na6
16. Nc3 Qd8 17. Rg1 $36 {Schuster,B-Schulz,K/Germany 2001}) 14. Rg1 Nb6 15. Nc3
Rf7 16. b3 g6 17. Ra2 Rg7 18. Rc2 Bd7 19. Qd3 $14 {Schuster,B-Sheynina,Y/
Germany 2000}) 12. Bxe6+ Kh8 13. Bxd5 cxd4 14. e6 $6 {This move also leads to
a very serious advantage, but I didn't manage to find any reason why white
shouldn't take another pawn!} (14. cxd4 $1 Rd8 (14... fxe5 15. fxe5 Rd8 16. Qb3
$1 (16. Ng5 $6 Ndxe5 17. dxe5 Nxe5 18. Rf1 Qc5 19. Nc3 Bxg5 20. Bxg5 Bg4 21.
Qb3 Re8 $44) (16. Nf4 Nf8 17. Qb3 (17. Bf7) 17... Qxb3 18. Bxb3 Bg4 19. Bd1
Nxd4 20. Nxd4 Bxd1 21. Be3 Bg4 22. h3 Bc8 $16)) 15. Qb3 (15. Nc3 $6 fxe5 16.
fxe5 Ndxe5 17. dxe5 Be6 18. Ng5 Bxg5 19. Bxg5 Qxb2 $13) 15... Qa7 (15... Qxb3
16. Bxb3 Nb6 17. Be3 $18) 16. Be4 $18) 14... Nc5 15. f5 dxc3 (15... Rd8 16. Nf4
Bd6 17. c4 Nb3 18. Rb1 Ne7 19. Be4 $16) 16. bxc3 Ne5 17. Nxe5 (17. Nf4 $5)
17... fxe5 18. Rf1 e4 19. Be3 Qb2 20. Ra2 $6 {More convincing was} (20. Bxc5 $1
Bxc5 21. Qb1 Qxb1+ (21... Bxa3 22. Qxb2 Bxb2 23. Ra2 $18) 22. Rxb1 Bxa3 23. Nd4
$18) 20... Nd3+ 21. Qxd3 Qxa2 22. Qxe4 Qxa3 23. Bd4 $44 Bf6 24. Nf4 Qe7 {
The fight isn't over yet.} (24... a4 25. Nh5 Qe7 26. Nxf6 gxf6 27. Kf2 Ra5 28.
Rb1 a3 $14) 25. Nh5 Bxd4 $2 (25... a4) 26. Qxd4 {[%csl Rg7]} Bxe6 $8 (26... Ra6
27. Nxg7 $1 Qxg7 28. f6 $18) 27. Bxe6 a4 28. Rf2 a3 29. Kf1 b5 30. Kg2 Ra4 31.
Qe5 Raa8 32. Rd2 Ra7 33. Qd4 (33. Qxb5 $5 Rb7 34. Qe2 Rfb8 35. Nf4 Rb2 36. Qh5
Rxd2+ 37. Kh3 Qf6 38. Ng6+ Qxg6 39. fxg6 h6 40. Qa5 $18) 33... Raa8 34. Qe5 Ra7
35. Nf4 Qf6 (35... a2 36. Ng6+ hxg6 37. fxg6 $18 {[%cal Ge5h5]}) 36. Qxf6 gxf6
37. Ra2 Rfa8 38. Nd5 Kg7 39. Kf3 Rd8 40. Ke3 h5 (40... Ra6 41. Kd4 Ra5 42. Kc5
b4+ 43. Kxb4 Rdxd5 44. Bxd5 Rxd5 45. Rxa3 Rxf5 46. Ra2 Kf7 47. Re2 $18) 41. Kd4
Ra5 42. Kc5 b4+ 43. Kxb4 Raxd5 44. Bxd5 Rxd5 45. Rxa3 Rxf5 46. Ra5 Rf2 47. Rxh5
Kg6 48. Rh4 f5 49. c4 Kf6 50. Kb5 Ke5 51. Kc6 Rc2 52. c5 Rc1 53. Rh5 Ke6 54.
Rh6+ Ke5 55. Kb6 1-0

[Event "Tan Chin Nam Cup 6th"]
[Site "Beijing"]
[Date "2000.07.11"]
[Round "3"]
[White "Bologan, Viktor"]
[Black "Short, Nigel D"]
[Result "1/2-1/2"]
[WhiteElo "2641"]
[BlackElo "2677"]
[Annotator "Finkel,A"]
[PlyCount "42"]
[EventDate "2000.07.03"]
[EventType "tourn"]
[EventRounds "9"]
[EventCountry "CHN"]
[EventCategory "16"]
[SourceTitle "CBM 078"]
[Source "ChessBase"]
[SourceDate "2000.10.18"]
[SourceVersion "1"]
[SourceVersionDate "2000.10.18"]
[SourceQuality "1"]

1. e4 e6 2. d4 d5 3. Nc3 Nf6 4. e5 Nfd7 5. Nce2 c5 6. c3 cxd4 7. cxd4 f6 8. f4
(8. exf6 Nxf6 9. Nf3 Bd6 (9... Nc6 10. Nc3 Bd6 11. Bb5 O-O 12. O-O Qc7 13. h3
Bd7 14. Re1 Rae8 15. Be3 a6 16. Bf1 Qb8 17. a3 $14 {Lau,R-Gleizerov,E/Dresden
op 1994}) 10. g3 Nc6 11. Bg2 O-O 12. O-O Qb6 13. Rb1 Bd7 14. Bf4 $14 {Bologan,
V-Glek,I/BL9293}) 8... fxe5 9. dxe5 {I don't think that with this move white
may get something out of the opening:black gets very important square c5 for
his pieces and doesn't have any probems with the space} (9. fxe5 Bb4+ (9...
Qh4+ 10. Ng3 Bb4+ 11. Kf2 O-O+ 12. Nf3 Nc6 13. Be3 $14) 10. Kf2 O-O+ 11. Nf3
Nc6 12. Be3 $13) 9... Qb6 (9... Nc6 10. Nf3 Bb4+ 11. Nc3 (11. Bd2 $6 Nc5 12.
Bxb4 Nxb4 13. Nc3 (13. Ned4 Qa5 $36) 13... O-O 14. a3 (14. g3 d4 $36) 14... Nc6
15. g3 Qb6 16. b4 Nxb4 17. axb4 (17. Rb1 Ncd3+ 18. Bxd3 Qe3+ $19) 17... Qxb4
18. Rc1 Nb3 $17) 11... Nc5 12. Be3 Qa5 13. Qc2 O-O 14. Rc1 $2 (14. a3 Ne4 15.
Rc1 Bxc3+ 16. bxc3 $13) 14... d4 $1 $17 {Shirov,A-Ivanchuk,V/Tilburg 1993}) 10.
Nc3 Nc6 (10... Bc5 11. Nf3 Bf2+ 12. Ke2 a6 13. g3 O-O 14. Bh3 $14 {[%csl Rf2]})
11. Nf3 Bb4 12. Bd2 {After the move in the game white definitly doesnt stand
better,that's why deserves attention} (12. a3 $5 Bxc3+ 13. bxc3 Nc5 (13... O-O)
14. Be3 Qa5 15. Qc2 Ne4 16. Bd3 Qxc3+ 17. Qxc3 Nxc3 18. Rc1 Ne4 (18... Na4 $2
19. Bb5 Nb6 20. Bxb6 axb6 21. Rxc6 $18) 19. Bxe4 dxe4 20. Ng5 $14 {[%cal Gg5e4,
Ge4d6] with slighty better chanses for white.}) 12... Nc5 13. a3 Bxc3 14. Bxc3
O-O 15. g3 Bd7 16. b4 $5 (16. Bd4 Nxd4 17. Qxd4 Bb5 $11) 16... Ne4 17. Bd4 Qd8
$5 {Instead a move in the game black could try to play for the advantage by} (
17... Nxd4 $5 18. Qxd4 (18. Nxd4 $2 {[%csl Rd4]} Rac8 {[%csl Rc3]} 19. Bg2 Ba4
$1 $19) 18... Rfc8 $1 19. Bd3 Rc3 20. Ke2 $2 (20. Bxe4 Re3+ (20... Qxd4 21.
Bxh7+ Kxh7 22. Nxd4 a5 23. Kd2 Rc4 24. Kd3 axb4 25. axb4 Rxa1 26. Rxa1 Rxb4 $14
) 21. Kd2 (21. Kf2 $2 Rxf3+ $19) 21... Rxe4 (21... Qxd4+ 22. Nxd4 Rxe4 23. Kd3
$14) 22. Qxb6 axb6 23. Rhc1 Rc4 $11 {,but white is out of any danger.}) 20...
Bb5 $1 21. Rhd1 Bxd3+ 22. Rxd3 Qa6 $17) 18. Be3 Rc8 19. Bd3 a5 20. Qb1 $5 Ne7
$1 21. Nd4 Nf5 $132 1/2-1/2

[Event "RUS-Cup6"]
[Site "Krasnodar"]
[Date "1997.??.??"]
[Round "3"]
[White "Ulybin, Mikhail"]
[Black "Alavkin, Arseny Nailievich"]
[Result "1-0"]
[WhiteElo "2555"]
[BlackElo "2375"]
[Annotator "Finkel,A"]
[PlyCount "95"]
[EventDate "1997.03.11"]
[EventType "swiss"]
[EventRounds "9"]
[EventCountry "RUS"]
[SourceTitle "EXT 2000"]
[Source "ChessBase"]
[SourceDate "1999.11.16"]
[SourceVersion "1"]
[SourceVersionDate "1999.11.16"]
[SourceQuality "1"]

1. e4 e6 2. d4 d5 3. Nc3 Nf6 4. e5 Nfd7 5. f4 c5 6. Nf3 Qb6 7. Be3 a6 (7...
Qxb2 $6 8. Nb5 cxd4 9. Nc7+ Kd8 10. Bxd4 Bb4+ 11. Kf2 Bc5 12. Nxa8 Nc6 13. Bxc5
Nxc5 14. Bd3 $16 {Solin,N-Tuominen,R/Stockholm op 1994 (38)}) (7... cxd4 $5 8.
Bxd4 Bc5 9. Na4 Qa5+ 10. c3 Bxd4 11. Nxd4 Nc6 12. b4 Qd8 13. Bd3 $14 {Apicella,
M-Dolmatov,S/Cannes op 1994 (22)}) (7... Be7 8. Na4 Qa5+ 9. c3 c4 $6 10. b4
cxb3 11. axb3 Qc7 12. Bd3 $16 {Mirnik,B-Fischer,C/RLNN 1988 (19)}) 8. Na4 (8.
Rb1) (8. a3) (8. Qd2 $6 Qxb2 9. Rb1 Qa3 10. f5 Nc6 11. Be2 cxd4 12. Nxd4 Nxd4
13. Bxd4 Bc5 $17 {Voigt Martin-Gleizerov Evgeny/It (open), Hamburg (Germany)
1995 (25)}) 8... Qc6 (8... Qa5+ $5 9. c3 cxd4 10. b4 Qc7 11. Qxd4 Nc6 (11... a5
$5 12. b5 b6 13. Be2 Nc5 14. O-O Nbd7 15. Rac1 Bb7 16. Kh1 Be7 $11 {Jonasson
Benedikt-Thorhallsson Throstur/Ch Iceland Gardabaer (Iceland) 1996 (39)}) 12.
Qd2 Be7 (12... b5 13. Nb2 f6 14. a4 $5 Rb8 15. axb5 axb5 16. Nd4 Nxd4 17. Bxd4
fxe5 18. fxe5 Be7 $11 {Skripchenko,A-Matveeva,S/Beograd Yugometal 1996 (39)})
13. Bd3 O-O 14. O-O b5 15. Nb2 Nb6 16. a4 Nc4 17. Nxc4 dxc4 18. Be4 $14 {
Vodicka Vladimir-Pachman Ludek/Extra League 1996/1/2-1/2 (57)}) 9. Nxc5 Nxc5
10. dxc5 Bxc5 11. Qd2 (11. Bxc5 Qxc5 $10) 11... Qb6 (11... Bd7 12. O-O-O Bxe3
13. Qxe3 Qa4 14. Kb1 Nc6 (14... Bb5 $2 15. g4 $36) 15. Bd3 O-O-O $1 (15... Nb4
16. a3 Nxd3 17. Qxd3 $14) 16. c3 d4 $1 $132 17. Qe4 (17. Nxd4 Nxd4 18. Qxd4 (
18. cxd4 Bc6 $132) 18... Qxd4 19. cxd4 Bc6 $132) (17. cxd4 Nb4 18. a3 Nxd3 $44)
17... Qa5 $1 (17... f5 18. exf6 gxf6 19. Bc2 $16) 18. Nxd4 Nxd4 19. Qxd4 (19.
cxd4 Bc6 20. Rc1 Qb6 $5 (20... Kb8 21. Rxc6 bxc6 22. Qxc6 Rxd4 23. Bxa6 Qc7 24.
Qb5+ Ka7 $13)) 19... Bc6 20. Qc4 Kb8 21. Be4 Qb5 $1 22. Rd4 Bxe4+ 23. Rxe4 Qxc4
24. Rxc4 Rd2 $10 {~/= Luther,T-Piskov,Y/Erfurt 1993}) 12. Bxc5 Qxc5 13. O-O-O
Nc6 14. Kb1 $14 Bd7 15. g3 $5 {Interesting approuch;white defendes a pawn on
f4 and pushes forward h-pawn.More typical plan for these positions is to play
Bd3,g4 and f5.} (15. h4 $5) 15... Rc8 16. h4 Qb4 17. Qf2 {May be it was better
to play 17.Qe3!?} Na5 18. Nd4 O-O 19. h5 b5 20. Qe3 Qe7 21. Bd3 Nc4 22. Bxc4
dxc4 (22... bxc4 23. c3 Rb8 24. Rd2 a5 25. Re1 $14) (22... Rxc4 23. g4 f6 24.
Rhe1 fxe5 25. Qxe5 Qf6 26. Nxe6 $14) 23. c3 b4 24. g4 {White's attack on the
kingside is much more dangerous and the difference in the strength of minor
pieces is quiet remarkable:white knight on d4 is extremly strong whie black
bishop on d7 is out of the game.All this make white's chances much better.} Ba4
25. Rd2 Rfd8 26. g5 Qb7 27. Re1 Rb8 28. Ka1 bxc3 $6 (28... Qb6 $5) 29. Qxc3 Rd5
$6 {Simply giving up a pawn,while it was possible to play} (29... Qb4 30. Rc1
Be8 31. h6 g6 32. Qxb4 Rxb4 33. a3 Ra4 34. Rcd1 {with unpleasant,but
defendable position.}) 30. Qxc4 $16 Qd7 31. b3 Bb5 32. Qc3 Rd8 33. Red1 Rc8 34.
Qe3 Qa7 35. Kb2 {Look how methodicaly white is improving a position of all his
pieces.} Qb6 36. Nf5 $4 {Throwing away the fruits of previous deep play.} (36.
h6 $5 $16) 36... Qc7 $4 {Refusing to recieve the gift!} (36... Rxd2+ $1 37.
Rxd2 Qc7 $19) 37. Nd6 $18 {Now everything is back on track!} Rxd2+ 38. Qxd2 Rd8
39. Rc1 Qb6 40. Re1 Qc5 41. Qe3 Qd5 42. h6 a5 43. Rc1 Bd7 44. Qe4 Qd2+ 45. Rc2
Qd1 46. hxg7 Qg1 47. Rg2 Qh1 48. Qc2 1-0

[Event "EU-chT (Men) 15th"]
[Site "Gothenburg"]
[Date "2005.08.06"]
[Round "8.4"]
[White "Timofeev, Artyom"]
[Black "Sakalauskas, Vaidas"]
[Result "1-0"]
[WhiteElo "2661"]
[BlackElo "2473"]
[Annotator "Finkel,A"]
[PlyCount "95"]
[EventDate "2005.07.30"]
[EventType "team-swiss"]
[EventRounds "9"]
[EventCountry "SWE"]
[SourceTitle "CBM 109"]
[Source "ChessBase"]
[SourceDate "2005.11.14"]
[SourceVersion "1"]
[SourceVersionDate "2005.11.14"]
[SourceQuality "1"]
[WhiteTeam "Russia"]
[BlackTeam "Lithuania"]
[WhiteTeamCountry "RUS"]
[BlackTeamCountry "LTU"]

1. e4 e6 2. d4 d5 3. Nc3 Nf6 4. e5 Nfd7 5. f4 c5 6. Nf3 Qb6 7. Be3 a6 8. a3 Nc6
9. dxc5 Bxc5 10. Na4 Qa5+ 11. b4 Qxa4 12. bxc5 f6 13. exf6 (13. c4 $6 Qa5+ 14.
Qd2 Qxd2+ 15. Kxd2 fxe5 16. cxd5 exd5 17. fxe5 O-O $15 {Berndt,S-Soln,P/Bled
2000}) 13... gxf6 $6 {I don't like this move since black king remains exposed.}
(13... Nxf6 14. Bd3 Ng4 15. Bd2 e5 16. fxe5 O-O 17. O-O Bf5 18. h3 Ngxe5 19.
Nxe5 Qd4+ 20. Kh2 Qxe5+ 21. Bf4 Qe6 22. Bd6 $14 {Grischuk,A-Volkov,S/Sochi 2004
}) 14. c4 $5 $14 {Preferring to enter a better endgame, instead of going for
attack by} (14. Nd4 Nxc5 (14... Nxd4 15. Bxd4 Rg8 16. Qh5+ Kf8 17. Rd1 $36) 15.
Qh5+ Kf8 16. Nxc6 Qxc6 17. Qh6+ Kf7 18. Bd4 Nd7 19. Bd3 $36 {with fantastic
compensation for an exchange.}) 14... Qa5+ 15. Qd2 dxc4 16. Bxc4 Nxc5 17. O-O {
Even with queens off the board white's initiative is very dangerous.} (17. Qxa5
Nxa5 {[%csl Rc4]} 18. Ba2 Ne4 19. Rc1 $44) 17... Qxd2 18. Nxd2 b6 (18... Na4
19. Ne4 Ke7 20. Bb3 b5 21. Rfc1 $1 Bd7 22. Bxa4 bxa4 23. Rd1 $16 {[%csl Rd7,
Rf6][%cal Ge3c5]}) 19. Rab1 Rb8 20. Bxc5 bxc5 21. Rxb8 Nxb8 22. Ne4 {[%csl Rc5,
Rf6]} Ke7 23. Nxc5 $16 {Despite of a limited amount of material black's
defensive task is very difficult due to a weakness of an a-pawn and a very
passive minor pieces.} Nc6 (23... Rd8 24. Bxe6 Bxe6 25. Re1 Kf7 26. Nxe6 Rd3
27. a4 Ra3 28. Nc5 Rc3 29. Ne4 Ra3 30. Nd6+ Kg7 31. Re7+ Kg6 32. Re8 $18) 24.
Nxa6 Bxa6 25. Bxa6 Nd4 $1 (25... Rb8 26. Ra1 Rb2 27. a4 Na5 28. Bb5 e5 29. Rd1
$16) 26. Rb1 Ra8 27. Rb6 Kd7 (27... e5 28. fxe5 fxe5 29. a4 Ne6 30. Rc6 Nd4 31.
Rh6 $16) 28. a4 Kc7 29. a5 Nc6 30. Kf2 Rd8 (30... e5 31. Kf3 Rb8 32. Rxb8 Kxb8
33. Bd3 Nxa5 34. fxe5 fxe5 35. Bxh7 $18) 31. Bb5 Nd4 (31... Nxa5 32. Rxe6 Rd6
33. Re7+ Kb6 34. Be2 $18) 32. Bc4 Ra8 33. Ba6 Nc6 34. h4 $1 h6 35. g4 Rd8 $6 (
35... e5 36. Ke3) 36. Rb7+ Kd6 37. Rf7 $18 h5 38. gxh5 $1 f5 39. h6 Nxa5 40. h7
Nc6 41. Bb5 Ne7 (41... Nd4 42. Rd7+ $1 $18) 42. h5 Rh8 43. Kg3 Nd5 44. Kh4 e5 (
44... Nxf4 45. Kg5 Ke5 46. Kh6 $18) 45. fxe5+ Ke6 46. Rg7 Ne3 47. Kg5 Ng4 48.
Bd7+ 1-0